书目信息 |
| 题名: |
蒙冤三十年
|
|
| 作者: | 吴晔 编 | |
| 分册: | ||
| 出版信息: | 西安 华岳文艺出版社 1989.6 |
|
| 页数: | 679页 | |
| 开本: | 20厘米 | |
| 丛书名: | 八十年代中期报告文学大选.历史档案卷 | |
| 单 册: | ||
| 中图分类: | I15 | |
| 科图分类: | 44.6518 | |
| 主题词: | 报告文学--作品集--世界 | |
| 电子资源: | ||
| ISBN: | 7-80549-182-8 | |
| 000 | 00945nam2 2200289 45 | |
| 001 | 0189019169 | |
| 005 | 20040418161555.2 | |
| 010 | @a7-80549-182-8@dCNY9.70 | |
| 020 | @aCN@b89019169 | |
| 100 | @a19910513d1989 m y0chiy0120 ea | |
| 101 | 0 | @achi |
| 102 | @aCN@b610000 | |
| 105 | @ay z 000zy | |
| 106 | @ar | |
| 200 | 10 | @a蒙冤三十年@Ameng yuan san shi nian@f吴 晔等编选@Fwu ye deng bian xuan |
| 210 | @a西安@c华岳文艺出版社@d1989.6 | |
| 215 | @a679页@d20厘米 | |
| 225 | 2 | @a八十年代中期报告文学大选.历史档案卷 |
| 330 | @a本书描写了南京大屠杀的惨状、国家功臣30年的特大冤案、著名诗人在反右中的遭遇、傅雷之死、九一三事件的始末等。 | |
| 410 | 0 | @120010@a八十年代中期报告文学大选.历史档案卷 |
| 540 | 1 | @a蒙冤三十年@Ameng yuan san shi nian |
| 606 | 0 | @a报告文学@x作品集@x世界 |
| 690 | @aI15 | |
| 692 | @a44.6518@v1974 | |
| 701 | 0 | @a吴晔@Awu ye@4编 |
| 801 | 0 | @aCN@bNLC@c19910513 |
| 905 | @f1@b238063@dI15@e174:4@b238065@f1 | |
| 蒙冤三十年/吴 晔等编选.-西安:华岳文艺出版社,1989.6 |
| 679页;20厘米.-(八十年代中期报告文学大选.历史档案卷) |
| ISBN 7-80549-182-8:CNY9.70 |
| 本书描写了南京大屠杀的惨状、国家功臣30年的特大冤案、著名诗人在反右中的遭遇、傅雷之死、九一三事件的始末等。 |
| ● |
| 相关链接 |
|
|
|
|
正题名:蒙冤三十年
索取号:I15/174:4
 
预约/预借
| 序号 | 登录号 | 条形码 | 馆藏地/架位号 | 状态 | 备注 |
| 1 | 0238065 | 000085981 | 第二借阅区/ [索取号:I15/174:4] | 在馆 | |
| 2 | 0238066 | 000085990 | 第一样本阅览室/ [索取号:I15/174:4] | 在馆 | |
| 3 | 0238563 | 001587401 | 密集书库/ [索取号:I15/174:4] | 在馆 |